Statistics for Mike Stud Discography

Click here to take the quiz!

General Stats

  • This quiz has been taken 5 times
  • The average score is 6 of 9

Answer Stats

YearNameType% Correct
2014CloserAlbum
100%
2011A Toast To TommyMixtape
75%
2013ReliefAlbum
75%
2013#SundayStudTapeMixtape
75%
2013#SundayStudTapeVol.2Mixtape
75%
2016These DaysAlbum
75%
2015This Isn't The AlbumMixtape
75%
2012ClickCollaborative Mixtape
50%
2015It's Spring Break, HomieMixtape
25%

Score Distribution

Percentile by Number Answered

Percent of People with Each Score

Your Score History

You have not taken this quiz